| 000 | 00747 a2200229 4500 | ||
|---|---|---|---|
| 003 | OSt | ||
| 005 | 20180116182656.0 | ||
| 008 | 170823b xxu||||| |||| 00| 0 eng d | ||
| 020 | _a8121921945 | ||
| 020 | _a9788121921947 | ||
| 040 | _c0 | ||
| 082 | _a373.18019 LAL 2003 | ||
| 100 | 1 | _aMadhurima Lall | |
| 245 | 1 | 0 |
_aDecision Making Skills _cMadhurima Lall |
| 260 |
_aNew Delhi _bS. Chand & Company Ltd. _c2003. |
||
| 300 |
_a349 p. _bpb |
||
| 440 | _aDecision Making Skills | ||
| 500 | _aPaperback. | ||
| 856 | 4 | 0 |
_3Amazon.com _uhttp://www.amazon.com/exec/obidos/ASIN/8121921945/chopaconline-20 |
| 856 | 4 | 0 |
_3Amazon customer reviews _uhttp://www.chopac.org/cgi-bin/tools/azrev.pl?q=8121921945 |
| 942 |
_aNBS _cBK _k373.018019 LAL 2003 _2ddc |
||
| 999 |
_c343887 _d343887 |
||